| 000 | 01146nam1a22002411i 4500 | ||
|---|---|---|---|
| 001 | rc\4282756 | ||
| 005 | 20240724124147.0 | ||
| 035 | _a(NLR Aleph) 008493709 | ||
| 090 |
_a8065298 _c8065298 |
||
| 100 | _a20130416d1961 |||y0rusy50 ca | ||
| 101 | 0 | _arus | |
| 102 | _aRU | ||
| 105 | _a z ||||| | ||
| 200 | 1 |
_aБюллетень дополнений и изменений к действующим "Правилам классификации и постройки стальных корпусов и машинных установок морских судов" _eВып. 1- _fГерм. Ллойд |
|
| 210 |
_aЛенинград _cМор. транспорт _d1961 |
||
| 215 | _d26 | ||
| 604 | _150010$aПравила классификации и постройки стальных корпусов и машинных установок морских судов | ||
| 606 |
_aСуда морские, стальные _xПравила постройки и классификации _2psbo |
||
| 712 | 0 | 2 | _aГермания. Ллойд |
| 801 | 0 |
_aRU _bNLR _gpsbo |
|
| 801 | 1 |
_aRU _bELAR _2rusmarc |
|
| 852 |
_aNLR _jПт 90.1/84 |
||
| 942 | _cBOOK | ||